书目信息 |
| 题名: |
时代文艺生活
|
|
| 作者: | ||
| 分册: | ||
| 出版信息: | 成都 四川人民出版社 30042 |
|
| 页数: | 253页 | |
| 开本: | 20cm | |
| 丛书名: | ||
| 单 册: | ||
| 中图分类: | I021 | |
| 科图分类: | ||
| 主题词: | 文学理论--基本问题 | |
| 电子资源: | ||
| ISBN: | ||
| 000 | 00434nam0 2200169 450 | |
| 001 | 0728815141 | |
| 005 | 20070819080015.14 | |
| 010 | @d¥0.85 | |
| 100 | @a20070819d km y0chiy0120 ea | |
| 101 | 0 | @achi |
| 200 | 1 | @a时代文艺生活@Ashi dai wen yi sheng huo |
| 210 | @a成都@c四川人民出版社@d30042 | |
| 215 | @a253页@d20cm | |
| 606 | 0 | @a文学理论@x基本问题 |
| 690 | @aI021@v3 | |
| 801 | 0 | @aCN@bPFT@c20070819 |
| 905 | @a213230@dI021@eZW229@f1 | |
| 时代文艺生活.-成都:四川人民出版社,30042 |
| 253页;20cm |
| ISBN :¥0.85 |
| ● |
| 相关链接 |
|
|
|
|
正题名:时代文艺生活
索取号:I021/ZW229
 
预约/预借
| 序号 | 登录号 | 条形码 | 馆藏地/架位号 | 状态 | 备注 |
| 1 | 7604767 | 276047671 | 密集书库-文学院/ [索取号:I021/ZW229] | 在馆 |